Kikamba dictionary : (Record no. 1574)
[ view plain ]
| 000 -LEADER | |
|---|---|
| fixed length control field | 00876cam a2200277 a 4500 |
| 001 - CONTROL NUMBER | |
| control field | 14848989 |
| 003 - CONTROL NUMBER IDENTIFIER | |
| control field | OSt |
| 005 - DATE AND TIME OF LATEST TRANSACTION | |
| control field | 20230620103528.0 |
| 008 - FIXED-LENGTH DATA ELEMENTS--GENERAL INFORMATION | |
| fixed length control field | 070514s2006 ke a d 000 0 kam |
| 010 ## - LIBRARY OF CONGRESS CONTROL NUMBER | |
| LC control number | 2007380560 |
| 020 ## - INTERNATIONAL STANDARD BOOK NUMBER | |
| Canceled/invalid ISBN | 996677309 |
| 040 ## - CATALOGING SOURCE | |
| Original cataloging agency | DLC |
| Transcribing agency | DLC |
| Modifying agency | DLC |
| 042 ## - AUTHENTICATION CODE | |
| Authentication code | lcode |
| 050 00 - LIBRARY OF CONGRESS CALL NUMBER | |
| Classification number | PL8351.4 |
| Item number | .M88 2006 |
| 082 00 - DEWEY DECIMAL CLASSIFICATION NUMBER | |
| Classification number | 496.3953 |
| Edition number | 2 |
| 100 1# - MAIN ENTRY--PERSONAL NAME | |
| Personal name | Mwau, John Harun. |
| 245 10 - TITLE STATEMENT | |
| Title | Kikamba dictionary : |
| Remainder of title | Kikamba-English : Kikamba-Kikamba : English-Kikamba / |
| Statement of responsibility, etc. | John Harun Mwau. |
| 250 ## - EDITION STATEMENT | |
| Edition statement | 2nd ed. |
| 260 ## - PUBLICATION, DISTRIBUTION, ETC. (IMPRINT) | |
| Place of publication, distribution, etc. | Nairobi, Kenya : |
| Name of publisher, distributor, etc. | Mwau, J.H., |
| Date of publication, distribution, etc. | c2006. |
| 300 ## - PHYSICAL DESCRIPTION | |
| Extent | vi, 676 p. : |
| Other physical details | ill. ; |
| Dimensions | 23 cm. |
| 650 #0 - SUBJECT ADDED ENTRY--TOPICAL TERM | |
| Topical term or geographic name as entry element | Kamba language |
| Form subdivision | Dictionaries |
| General subdivision | English. |
| 650 #0 - SUBJECT ADDED ENTRY--TOPICAL TERM | |
| Topical term or geographic name as entry element | English language |
| Form subdivision | Dictionaries |
| General subdivision | Kamba. |
| 906 ## - LOCAL DATA ELEMENT F, LDF (RLIN) | |
| a | 7 |
| b | cbc |
| c | origode |
| d | 2 |
| e | ncip |
| f | 20 |
| g | y-gencatlg |
| 942 ## - ADDED ENTRY ELEMENTS (KOHA) | |
| Source of classification or shelving scheme | Dewey Decimal Classification |
| Koha item type | Books |
| Withdrawn status | Lost status | Source of classification or shelving scheme | Damaged status | Not for loan | Collection code | Home library | Current library | Shelving location | Date acquired | Total Checkouts | Full call number | Barcode | Date last seen | Price effective from | Koha item type |
|---|---|---|---|---|---|---|---|---|---|---|---|---|---|---|---|
| Dewey Decimal Classification | Reference | Bunge Tower Library | Bunge Tower Library | Reference | 06/20/2023 | 496.3953 | 1000399 | 06/20/2023 | 06/20/2023 | Books | |||||
| Dewey Decimal Classification | Reference | Bunge Tower Library | Bunge Tower Library | Reference | 06/20/2023 | 496.3953 | 10015617 | 06/20/2023 | 06/20/2023 | Books |
